000 01068cpcaa2200277 4500
001 mm 80065477
003 DLC
005 20260227111705.0
008 800918|||||||||||| eng
010 _amm 80065477
040 _aDLC
_cDLC
_edacs
_dDLC
072 7 _aN
_2lcmd
110 2 _aTexas Association.
245 0 0 _aTexas Association records,
_f1844-1845.
300 _a1
_fmicrofilm reel.
506 0 _aOpen to research.
520 8 _aRecords pertaining to the settlement of Mercer Colony, Texas.
533 _aMicrofilm of originals in the Louisville Free Public Library (Louisville, Ky.).
535 1 _aKentucky: Louisville Free Public Library, Louisville
545 1 _aCompany formed in 1844 for the settlement of Mercer Colony, Texas. Based in Louisville, Ky.
546 _aCollection material in English.
650 0 _aLand companies.
650 0 _aLand grants
_zTexas.
651 0 _aMercer Colony (Tex.)
_xHistory.
999 _c42930
_d42930